Penguins of Madagascar- The Ultimate Character Quiz Stats

 Plays Quiz not verified by Sporcle

Support Sporcle.
Go Orange.
Score 0/81 Timer 11:00
0 Plays Today
Character's Species Character's Name % Correct
PenguinSkipper
87.1%
PenguinRico
83.2%
PenguinPrivate
81.8%
PenguinKowalski
80.1%
Mouse LemurMort
79.5%
Ring-tailed LemurKing Julien XIII
75.1%
Aye-aye LemurMaurice
74.4%
River OtterMarlene
72%
HumanAlice
71.2%
Bottlenose DolphinDr. Blowhole
68.8%
ChimpanzeePhil
66.8%
ChimpanzeeMason
62.7%
KangarooJoey
61.2%
SquirrelFred
60.2%
AlligatorRoger
57.6%
CatMax
56.8%
GorillaBada
56.5%
GorillaBing
55.6%
RatThe Rat King
54.9%
PuffinHans
54%
ElephantBurt
53.8%
DucklingEggy
53.8%
LionAlex
53.2%
HumanOfficer X
52.8%
DolphinDoris
51.8%
PenguinUncle Nigel
49%
SquirrelThe Red Squirrel
48.9%
Character's Species Character's Name % Correct
PenguinJohnson
48.9%
Boa ConstrictorSavio
47.6%
Poison Dart FrogBarry
45.8%
RhinoRoy
45.5%
WalrusRhonda
45.5%
HumanChuck Charles
43.6%
PenguinManfredi
42.8%
KoalaLeonard
42.3%
ChimpLulu
42.3%
DuckMama Duck
42.1%
LemurClemson
41.3%
FlamingoPinky
40.6%
Um...jelly?Jiggles
39.3%
RobotLemmy
38.5%
PenguinBuck Rockgut
36.5%
HumanGus
35.7%
HumanZookeeper Frances Alberta
33.6%
Peregrin FalconKitka
32.3%
BadgerBecky
31.9%
DollMiss Perky
31.5%
BadgerStacy
30.8%
PinataBob
29.5%
BaboonDarla
29.3%
RacoonArchie
27.7%
Alter-EgoBarf Bag
26.9%
HumanBrick
26.8%
HumanGladys
26.5%
Character's Species Character's Name % Correct
HumansThe Vesuvius Twins
26%
HumanShawna
25.8%
HumanFrank
25%
Alter-EgoThe Masked Booty
25%
Battery (yes, I said battery)Dead Baxter
24.9%
Alter-EgoThe Steel Penguin
24.5%
Mutant LobsterChrome Claw
24.2%
LobsterRed One
23.6%
HumanCecil
23%
OtterAntonio
22.1%
HumanKid Kazoo
21.9%
ArmadilloThe Amarillo Kid
21.8%
Human Ronald
21.5%
PigeonFrankie
20.3%
LunicornPrince Shares-a-Lot
19.2%
CockroachSteve
18.3%
Alter-EgoThe Throbbing Cerebellum
16.4%
Cardboard BoxCardboris
16.3%
Human Scooter Alvarez
15.7%
HumanBonnie Chang
13.9%
Lunicorn Princess Self-Respecta
13.9%
Snow MonkeyGeneral Shinjin
13.9%
Albino Spider MonkeyThe White Widow
13.5%
HumanBella Bon Bueno
13.3%
HumanPervis McSlane
13.1%
Alter-EgoSlappy-Hurts-Punch
12.7%
HumanMrs. Trevor
12.4%

You're not logged in!

Compare scores with friends on all Sporcle quizzes.
OR
Log In

From the Vault

Companies by Nail Art

by PrincessMartell

We're just waiting for someone to do Sporcle-inspired nail art.
Remove Ads.
Support Sporcle.
Get the best of Sporcle when you Go Orange. This ad-free experience offers more features, more stats, and more fun while also helping to support Sporcle. Thank you for becoming a member.

Show Comments

Extras

Created Feb 6, 2011ReportNominate
Tags:madagascar, nickolodeon

Top Quizzes Today


Score Distribution

Your Account Isn't Verified!

In order to create a playlist on Sporcle, you need to verify the email address you used during registration. Go to your Sporcle Settings to finish the process.

Report this User

Report this user for behavior that violates our Community Guidelines.

Details: